|
|
|
|
| LEADER |
01110cam a2200265 7i4500 |
| 001 |
0000002506 |
| 005 |
20170802090000.0 |
| 020 |
|
|
|a 9781900783798 (pbk.)
|
| 020 |
|
|
|a 1900783797 (pbk.)
|
| 090 |
0 |
0 |
|a PE1479.B87
|b L69 2004
|
| 100 |
1 |
|
|a Lowe, Susan
|
| 245 |
1 |
0 |
|a Telephoning
|c Susan Lowe.
|
| 260 |
|
|
|a Addlestone, Surrey:
|b Delta Publishing,
|c 2004.
|
| 300 |
|
|
|a 64 p.:
|b col. ill.;
|c 30 cm..
|
| 490 |
0 |
|
|a Delta business communication skills / series editors: Susan Lowe and Louise Pile
|
| 501 |
|
|
|a With CD-ROM : Telephoning / Susan Lowe
|
| 650 |
0 |
0 |
|a English language --
|x Study and teaching --
|x Foreign speakers
|
| 650 |
0 |
0 |
|a Telephone in business
|
| 650 |
0 |
0 |
|a English language --
|x Business English
|
| 650 |
0 |
0 |
|a English language
|
| 997 |
|
|
|a Education & Social Sciences, Faculty
|b Education, Department
|
| 999 |
|
|
|a 0000000589
|b BOK
|c OPEN SHELF
|e 1st Floor, Bestari Jaya
|
| 999 |
|
|
|a 0000000595
|b BOK
|c OPEN SHELF
|e 1st Floor, Bestari Jaya
|
| 999 |
|
|
|a CDR0001096
|b CD-ROM
|c OPEN SHELF
|e Circulation Counter, Bestari Jaya
|
| 999 |
|
|
|a CDR0001097
|b CD-ROM
|c OPEN SHELF
|e Circulation Counter, Bestari Jaya
|